Inventing ancient culture : historicism, periodization, and the ancient world
Αποθηκεύτηκε σε:
| Άλλοι συγγραφείς: | , |
|---|---|
| Μορφή: | Βιβλίο |
| Γλώσσα: | English |
| Δημοσίευση: |
London ; New York :
Routledge,
1997.
|
| Θέματα: | |
| Ετικέτες: |
Προσθήκη ετικέτας
Δεν υπάρχουν, Καταχωρήστε ετικέτα πρώτοι!
|
MARC
| LEADER | 00000cam a2200000 i 4500 | ||
|---|---|---|---|
| 001 | 1/504 | ||
| 008 | 000403s1997 enk| ||| |||| ||eng|| | ||
| 020 | |a 0415099609 | ||
| 035 | |l 10059684 | ||
| 040 | |a GR-MyUa |b gre |e AACR2 | ||
| 041 | 0 | |a eng | |
| 082 | 7 | |a 938 |2 (22) | |
| 245 | 0 | 0 | |a Inventing ancient culture : |b historicism, periodization, and the ancient world / |c edited by Mark Golden and Peter Toobey. |
| 260 | |a London ; |a New York : |b Routledge, |c 1997. | ||
| 300 | |a x, 238 σ. : |b εικ. ; |c 24 εκ. | ||
| 504 | |a Περιλαμβάνει βιβλιογραφικές παραπομπές και ευρετήριο. | ||
| 650 | 0 | 0 | |a Social change. |
| 650 | 0 | 0 | |a Social evolution. |
| 650 | 0 | 0 | |a Social structure. |
| 651 | 0 | |a Greece |x Civilization |y To 146 B.C. | |
| 651 | 0 | |a Rome |x Civilization. | |
| 651 | 0 | |a Greece |x History |y To 146 B.C. | |
| 651 | 0 | |a Rome |x History. | |
| 700 | 1 | |a Golden, Mark, |d 1948- |e edt | |
| 700 | 1 | |a Toohey, Peter, |d 1951- |e edt | |
| 852 | |a INST |b LESVOS |e 20000403 |h 938 INV |p 005100020507 |q 005100020507 |t BK |y 0 | ||
| 901 | |a BIBL1-2000-1 | ||
| 970 | |a ΑΙΒΑΤΖΙΔΟΥ |b ΕΛΕΝΗ |z 2000/04/04 | ||